00482cam a2200181ua 4500001000500000005001700005008003900022040000900061041000800070082000800078100002700086245009600113250000900209260003000218300001300248653001800261653002100279718720260515114151.0141203n ii |||gr||||Z||||||eng cMAIN aeng a973 aMorris, R.B.,eEditor. aEncyclopedia of American history : bupdated and revised / cEdited by Richard B. Morris .  a1st. aDelhi:bUniversal,c1965. axi,834p. aUnited States aAmerican history